[Event "Euro Online Blitz Quali"]
[Site "Tornelo INT"]
[Date "2020.12.18"]
[Round "10.36"]
[White "Iskandarov, M."]
[Black "Gunnarsson, Arn"]
[Result "0-1"]
[WhiteElo "2535"]
[BlackElo "2420"]
[PlyCount "134"]
[EventDate "2020.12.18"]
[EventType "blitz"]
[SourceTitle "The Week in Chess 1363"]
[Source "Mark Crowther"]
[SourceDate "2020.12.21"]
[SourceVersion "1"]
[SourceVersionDate "2020.12.21"]
[SourceQuality "2"]

1. e4 e5 2. Nf3 d5 3. Nxe5 Bd6 4. d4 dxe4 5. Nc3 Bxe5 6. dxe5 Qxd1+ 7. Nxd1 Nc6
8. Bf4 Nge7 9. Nc3 Ng6 10. Bg3 Bf5 11. Bb5 O-O-O 12. Bxc6 bxc6 13. O-O Rhe8 14.
Rfe1 Rd4 15. Re2 h5 16. h3 h4 17. Bh2 Nxe5 18. Bxe5 Rxe5 19. Rae1 f6 20. Re3 a5
21. b3 Rd2 22. R1e2 Rxe2 23. Nxe2 Bd7 24. Nc3 f5 25. f3 g5 26. fxe4 f4 27. Rd3
Rc5 28. Kf2 g4 29. hxg4 Bxg4 30. a4 Kb7 31. Ke1 Rh5 32. Ne2 Re5 33. Rd4 c5 34.
Rc4 Be6 35. Rc3 Rxe4 36. Kf2 c4 37. Kf3 cxb3 38. cxb3 Rb4 39. Nc1 Bd5+ 40. Kf2
Rd4 41. Nd3 Kb6 42. Kg1 f3 43. gxf3 Bxf3 44. Ne5 Be4 45. Kf2 Bd5 46. Nd7+ Kb7
47. Nc5+ Ka7 48. Nd3 c6 49. Ne5 Rf4+ 50. Kg1 Kb7 51. Kh2 Rf5 52. Ng6 Rf3 53.
Rxf3 Bxf3 54. Ne5 Bd1 55. Nc4 Ka6 56. Nd2 Bg4 57. Kg2 Kb6 58. Nc4+ Ka6 59. Ne5
Be6 60. Nxc6 Bd5+ 61. Kh3 Bxc6 62. Kxh4 Kb6 63. Kg3 Kc5 64. Kf4 Kb4 65. Ke3
Kxb3 66. Kd2 Kb2 67. Kd3 Bxa4 0-1

[Event "Euro Online Blitz Quali"]
[Site "Tornelo INT"]
[Date "2020.12.18"]
[Round "4.12"]
[White "Tomczak, J."]
[Black "Gunnarsson, Arn"]
[Result "1/2-1/2"]
[WhiteElo "2610"]
[BlackElo "2420"]
[PlyCount "178"]
[EventDate "2020.12.18"]
[EventType "blitz"]
[SourceTitle "The Week in Chess 1363"]
[Source "Mark Crowther"]
[SourceDate "2020.12.21"]
[SourceVersion "1"]
[SourceVersionDate "2020.12.21"]
[SourceQuality "2"]

1. e4 e5 2. Nf3 d5 3. d4 dxe4 4. Nxe5 Bd6 5. Nc3 Bxe5 6. dxe5 Qxd1+ 7. Kxd1 Bf5
8. Nd5 Na6 9. Bxa6 O-O-O 10. Bc4 c6 11. Bg5 Rd7 12. Ke2 cxd5 13. Bb3 h6 14. Be3
d4 15. Bf4 g5 16. Bg3 Bg4+ 17. f3 exf3+ 18. gxf3 Be6 19. h4 g4 20. fxg4 Bxg4+
21. Kd2 h5 22. Rhf1 Nh6 23. Rf6 Nf5 24. Bf2 Ne3 25. Bxf7 Rf8 26. Bb3 Re8 27. e6
Rd6 28. Re1 Bxe6 29. Bxe6+ Rexe6 30. Rxe6 Rxe6 31. Bxe3 dxe3+ 32. Rxe3 Ra6 33.
a3 Ra4 34. b4 a5 35. Rb3 axb4 36. axb4 Ra1 37. Rc3+ Kd7 38. Rc5 Ra4 39. Kc3
Ra3+ 40. Kc4 Rh3 41. Rxh5 Kc6 42. Rh6+ Kc7 43. Kd4 Rh2 44. c3 Rh3 45. c4 Rb3
46. Kc5 Rb1 47. Rh7+ Kb8 48. h5 Ka7 49. Kb5 Rg1 50. c5 Rg5 51. Rh8 Rf5 52. h6
Rh5 53. Ka5 Rg5 54. h7 Rh5 55. b5 b6+ 56. cxb6+ Kb7 57. Kb4 Rh3 58. Ka5 Rh4 59.
Rg8 Rxh7 60. Rg6 Rf7 61. Rh6 Rg7 62. Re6 Rf7 63. Rd6 Rg7 64. Rc6 Rg1 65. Rc7+
Kb8 66. Rc4 Ra1+ 67. Ra4 Rg1 68. Ka6 Rg2 69. Ra3 Rg1 70. Ra2 Rg3 71. Ka5 Kb7
72. Rh2 Rg7 73. Rc2 Rg3 74. Rc7+ Kb8 75. Rh7 Rg4 76. b7 Rg6 77. Rf7 Re6 78. Rd7
Rg6 79. Rh7 Rf6 80. b6 Rf1 81. Rh8+ Kxb7 82. Rh7+ Kb8 83. Rh4 Kb7 84. Rh7+ Kb8
85. Ka6 Ra1+ 86. Kb5 Rb1+ 87. Ka6 Ra1+ 88. Kb5 Rb1+ 89. Ka6 Ra1+ 1/2-1/2

[Event "Euro Online Blitz Quali"]
[Site "Tornelo INT"]
[Date "2020.12.18"]
[Round "3.83"]
[White "Czernek, Tymon"]
[Black "Gadimbayli, Abdulla"]
[Result "0-1"]
[WhiteElo "2351"]
[BlackElo "2470"]
[PlyCount "66"]
[EventDate "2020.12.18"]
[EventType "blitz"]
[SourceTitle "The Week in Chess 1363"]
[Source "Mark Crowther"]
[SourceDate "2020.12.21"]
[SourceVersion "1"]
[SourceVersionDate "2020.12.21"]
[SourceQuality "2"]

1. e4 e5 2. Nf3 d5 3. exd5 e4 4. Nd4 Qxd5 5. Nb3 Nf6 6. Nc3 Qe5 7. Be2 Bd6 8.
Nb5 O-O 9. Nxd6 Qxd6 10. O-O Bf5 11. d4 exd3 12. cxd3 Nbd7 13. d4 c6 14. Bg5
Rfe8 15. Re1 Ne4 16. Be3 Nb6 17. Nc5 Nd5 18. Nxb7 Qc7 19. Nc5 Nxc5 20. dxc5
Nxe3 21. fxe3 Rxe3 22. Bf3 Qe5 23. Rxe3 Qxe3+ 24. Kh1 Qxc5 25. Rc1 Qa5 26. Bxc6
Rd8 27. Qb3 Be6 28. Qe3 Qxa2 29. Qe5 h6 30. Be4 Qb3 31. h3 Rb8 32. Qd4 g6 33.
Qc5 Qb4 0-1

[Event "Euro Online Blitz Quali"]
[Site "Tornelo INT"]
[Date "2020.12.18"]
[Round "2.33"]
[White "Shevchenko, Kirill"]
[Black "Gunnarsson, Arn"]
[Result "0-1"]
[WhiteElo "2599"]
[BlackElo "2420"]
[PlyCount "102"]
[EventDate "2020.12.18"]
[EventType "blitz"]
[SourceTitle "The Week in Chess 1363"]
[Source "Mark Crowther"]
[SourceDate "2020.12.21"]
[SourceVersion "1"]
[SourceVersionDate "2020.12.21"]
[SourceQuality "2"]

1. e4 e5 2. Nf3 d5 3. exd5 Bd6 4. Nc3 f5 5. d4 e4 6. Ne5 Nf6 7. Bb5+ Bd7 8. O-O
O-O 9. Bf4 Bxb5 10. Nxb5 Nxd5 11. Qd2 Be7 12. c4 Nxf4 13. Qxf4 c6 14. Nc3 Qxd4
15. Rad1 Qc5 16. Nd7 Nxd7 17. Rxd7 Bf6 18. Rxb7 Qxc4 19. Rc1 Rad8 20. g3 a5 21.
Kg2 Qe6 22. Na4 Qxa2 23. Nc5 Qd5 24. Na6 g5 25. Qc7 e3+ 26. f3 Rf7 27. Qxf7+
Qxf7 28. Rxf7 Kxf7 29. Kf1 Rd2 30. Rxc6 Rxh2 31. Nc5 Be5 32. f4 gxf4 33. Nd3
Bd4 34. Nxf4 Rxb2 35. Rc7+ Kf6 36. Rc6+ Kf7 37. Rc7+ Ke8 38. Ne6 Be5 39. Rc1 a4
40. Nc5 a3 41. Nd3 Rb5 42. Rc8+ Kd7 43. Ra8 Bxg3 44. Ke2 Bd6 45. Kxe3 h5 46.
Rh8 Ra5 47. Rh7+ Kc6 48. Rh6 Kd5 49. Rxh5 Kc4 50. Rh4+ f4+ 51. Nxf4 a2 0-1

[Event "Euro Online Blitz Quali"]
[Site "Tornelo INT"]
[Date "2020.12.18"]
[Round "1.113"]
[White "Rabatin, J."]
[Black "Gadimbayli, Abdulla"]
[Result "0-1"]
[WhiteElo "2316"]
[BlackElo "2470"]
[PlyCount "96"]
[EventDate "2020.12.18"]
[EventType "blitz"]
[SourceTitle "The Week in Chess 1363"]
[Source "Mark Crowther"]
[SourceDate "2020.12.21"]
[SourceVersion "1"]
[SourceVersionDate "2020.12.21"]
[SourceQuality "2"]

1. e4 e5 2. Nf3 d5 3. Nxe5 Bd6 4. d4 dxe4 5. Nc3 Bxe5 6. dxe5 Qxd1+ 7. Kxd1 Nc6
8. Bb5 Bd7 9. Nxe4 O-O-O 10. Bg5 Re8 11. Re1 Rxe5 12. Bd3 Nb4 13. f4 Re8 14.
Kd2 f6 15. Bh4 Nh6 16. h3 Bc6 17. a3 Nxd3 18. cxd3 Rd8 19. Rad1 Rhe8 20. Kc2
Nf5 21. Bf2 Nd4+ 22. Bxd4 Rxd4 23. Kc3 Rd5 24. g3 Red8 25. Nf2 R5d7 26. Re3 b6
27. Rde1 Bb5 28. Re8 Rxd3+ 29. Nxd3 Rxe8 30. Rxe8+ Bxe8 31. Kd4 c5+ 32. Kd5 Kd7
33. Nf2 Bf7+ 34. Ke4 Kd6 35. Nd1 Bd5+ 36. Ke3 Be6 37. h4 Bd5 38. Nc3 Bc6 39.
Nd1 b5 40. Nc3 a5 41. a4 b4 42. Ne4+ Bxe4 43. Kxe4 h5 44. b3 Ke6 45. f5+ Kd6
46. Ke3 Kd5 47. Kd3 c4+ 48. bxc4+ Kc5 0-1

[Event "Titled Tuesday 15th Dec"]
[Site "chess.com INT"]
[Date "2020.12.15"]
[Round "11"]
[White "Hansch, Ka"]
[Black "Hansen, SuB"]
[Result "1-0"]
[WhiteElo "2300"]
[BlackElo "2533"]
[PlyCount "49"]
[EventDate "2020.12.15"]
[SourceTitle "The Week in Chess 1363"]
[Source "Mark Crowther"]
[SourceDate "2020.12.21"]
[SourceVersion "1"]
[SourceVersionDate "2020.12.21"]
[SourceQuality "2"]

1. e4 e5 2. Nf3 d5 3. Nxe5 Bd6 4. d4 dxe4 5. Nc4 Nf6 6. Be2 O-O 7. O-O Nc6 8.
c3 Nd5 9. Nxd6 Qxd6 10. c4 Nf4 11. Bxf4 Qxf4 12. Nc3 Bf5 13. d5 Ne5 14. Qd4
Rfe8 15. Qe3 Qh4 16. Nb5 Re7 17. Nxa7 Bg4 18. Nb5 Nf3+ 19. Bxf3 exf3 20. Qf4
fxg2 21. Rfe1 g5 22. Qf6 Rxe1+ 23. Rxe1 Bh5 24. Nxc7 Rf8 25. Ne8 1-0

[Event "Titled Tuesday 15th Dec"]
[Site "chess.com INT"]
[Date "2020.12.15"]
[Round "10"]
[White "Swiercz, D."]
[Black "Gadimbayli, Abdulla"]
[Result "0-1"]
[WhiteElo "2649"]
[BlackElo "2470"]
[PlyCount "76"]
[EventDate "2020.12.15"]
[SourceTitle "The Week in Chess 1363"]
[Source "Mark Crowther"]
[SourceDate "2020.12.21"]
[SourceVersion "1"]
[SourceVersionDate "2020.12.21"]
[SourceQuality "2"]

1. e4 e5 2. Nf3 d5 3. d4 dxe4 4. Nxe5 Bd6 5. Nc3 Bxe5 6. dxe5 Qxd1+ 7. Nxd1 Nc6
8. Nc3 Nge7 9. Nxe4 Bf5 10. Ng3 Bxc2 11. f4 O-O-O 12. Be2 g5 13. O-O Kb8 14.
fxg5 Nxe5 15. Bf4 N7g6 16. Rac1 Nxf4 17. Rxf4 Bg6 18. Rf2 Rd2 19. Bf1 Rhd8 20.
Re1 Rxf2 21. Kxf2 Rd5 22. h4 a6 23. h5 Bc2 24. Ke3 f6 25. gxf6 Ng4+ 26. Kf4
Nxf6 27. Be2 Ra5 28. a3 Nd5+ 29. Kg5 Ne3+ 30. Kh6 Nxg2 31. Rc1 Ne3 32. Bf3 Rb5
33. Re1 Re5 34. Be4 Ng4+ 35. Kg7 Bxe4 36. Rxe4 Rg5+ 37. Kh8 Nf6 38. Rf4 Rg8#
0-1

[Event "Titled Tuesday 15th Dec"]
[Site "chess.com INT"]
[Date "2020.12.15"]
[Round "8"]
[White "Cherry, A."]
[Black "Christensen, Thom2"]
[Result "1-0"]
[WhiteElo "1942"]
[BlackElo "2154"]
[PlyCount "81"]
[EventDate "2020.12.15"]
[SourceTitle "The Week in Chess 1363"]
[Source "Mark Crowther"]
[SourceDate "2020.12.21"]
[SourceVersion "1"]
[SourceVersionDate "2020.12.21"]
[SourceQuality "2"]

1. e4 e5 2. Nf3 d5 3. Nxe5 Bd6 4. d4 dxe4 5. Nc4 Ne7 6. Nc3 f5 7. Qh5+ Ng6 8.
Bg5 Be7 9. Bxe7 Qxe7 10. Ne5 O-O 11. Nxg6 hxg6 12. Qxg6 Qb4 13. O-O-O Nc6 14.
a3 Qd6 15. Bc4+ Kh8 16. Qh5+ Qh6+ 17. Qxh6+ gxh6 18. Nd5 Bd7 19. Nxc7 Rac8 20.
Ne6 Rf6 21. Nc5 Be8 22. Nxb7 Rc7 23. Nc5 Na5 24. Ba2 Bf7 25. Bxf7 Rfxf7 26. Kb1
Kg7 27. Ne6+ Kf6 28. Nxc7 Rxc7 29. d5 Nc4 30. Rd4 Nd6 31. Rhd1 Ke5 32. b3 f4
33. c4 Rb7 34. Ka2 a5 35. c5 Nb5 36. Rc4 Rf7 37. d6 e3 38. fxe3 fxe3 39. d7
Rf2+ 40. Ka1 Nc3 41. Rxc3 1-0

[Event "Titled Tuesday 15th Dec"]
[Site "chess.com INT"]
[Date "2020.12.15"]
[Round "7"]
[White "Delgado Ramirez, N."]
[Black "Mikhailovsky, Vladimir"]
[Result "1-0"]
[WhiteElo "2621"]
[BlackElo "2228"]
[PlyCount "119"]
[EventDate "2020.12.15"]
[SourceTitle "The Week in Chess 1363"]
[Source "Mark Crowther"]
[SourceDate "2020.12.21"]
[SourceVersion "1"]
[SourceVersionDate "2020.12.21"]
[SourceQuality "2"]

1. e4 e5 2. Nf3 d5 3. Nxe5 Bd6 4. d4 dxe4 5. Nc4 Nf6 6. Bg5 O-O 7. Ne3 h6 8.
Bh4 Re8 9. c4 c5 10. dxc5 Bxc5 11. Qxd8 Rxd8 12. Bxf6 gxf6 13. Nc3 Nc6 14. a3
f5 15. Be2 Nd4 16. O-O-O Be6 17. Ned5 Nxe2+ 18. Nxe2 Bxf2 19. Rhf1 Bh4 20. Kb1
Rac8 21. g3 Rxc4 22. Ne3 Rxd1+ 23. Rxd1 Be7 24. Nxc4 Bxc4 25. Nf4 Kg7 26. Kc2
Bb5 27. Rd5 Ba4+ 28. b3 Bc6 29. Rxf5 Bxa3 30. Nh5+ Kg6 31. g4 Bd7 32. Rf6+ Kg5
33. Rxf7 Bxg4 34. Nf6 e3 35. Nxg4 Kxg4 36. Kd3 Bc5 37. Rxb7 h5 38. Ke2 h4 39.
b4 Bb6 40. Rh7 Kh3 41. Kf3 Kxh2 42. Rxh4+ Kg1 43. Rh7 Bd4 44. Rh6 Bb6 45. Rh4
Bc7 46. Kxe3 Bb6+ 47. Kd3 Kf2 48. Rh3 Kg2 49. Rh7 Kf3 50. Rf7+ Kg4 51. Kc4 Kg5
52. Kd5 Kg6 53. Rf1 Kg5 54. b5 Kg6 55. Kc6 Be3 56. Kb7 Bd4 57. Rd1 Bc5 58. Rc1
Be3 59. Ra1 Kf6 60. Rxa7 1-0

[Event "Titled Tuesday 15th Dec"]
[Site "chess.com INT"]
[Date "2020.12.15"]
[Round "6"]
[White "Grigoriants, S RUS."]
[Black "Gadimbayli, Abdulla"]
[Result "0-1"]
[WhiteElo "2546"]
[BlackElo "2470"]
[PlyCount "106"]
[EventDate "2020.12.15"]
[SourceTitle "The Week in Chess 1363"]
[Source "Mark Crowther"]
[SourceDate "2020.12.21"]
[SourceVersion "1"]
[SourceVersionDate "2020.12.21"]
[SourceQuality "2"]

1. e4 e5 2. Nf3 d5 3. d4 dxe4 4. Nxe5 Bd6 5. Nc3 Bxe5 6. dxe5 Qxd1+ 7. Kxd1 Nc6
8. Bb5 Bd7 9. Bf4 Nge7 10. Bxc6 Bxc6 11. Ke2 Ng6 12. Bg3 O-O-O 13. Rad1 Rhe8
14. Rxd8+ Kxd8 15. Rd1+ Kc8 16. Ke3 Nxe5 17. Bxe5 Rxe5 18. g4 h5 19. h3 b6 20.
Kf4 f6 21. Rd4 e3 22. fxe3 g5+ 23. Kg3 Rxe3+ 24. Kh2 hxg4 25. hxg4 Rf3 26. Rd2
Rf1 27. Kg3 Rg1+ 28. Kh3 Rf1 29. Kg3 Kb7 30. Nd5 Bxd5 31. Rxd5 Kc6 32. Rd3 Rg1+
33. Kf3 Rf1+ 34. Kg3 Rf4 35. b3 b5 36. a3 a5 37. Rc3+ Kd6 38. Rd3+ Ke6 39. Rc3
Kd7 40. Rd3+ Kc6 41. Rc3+ Kb6 42. Re3 c6 43. Re6 Kc5 44. Re3 a4 45. Re2 Rd4 46.
b4+ Kd5 47. Rf2 Ke5 48. Rf5+ Ke6 49. Rf3 Rc4 50. Re3+ Kd5 51. c3 Re4 52. Rf3
Re6 53. Rf5+ Kc4 0-1

[Event "Titled Tuesday 15th Dec"]
[Site "chess.com INT"]
[Date "2020.12.15"]
[Round "4"]
[White "Shkapenko, P."]
[Black "Gadimbayli, Abdulla"]
[Result "0-1"]
[WhiteElo "2424"]
[BlackElo "2470"]
[PlyCount "48"]
[EventDate "2020.12.15"]
[SourceTitle "The Week in Chess 1363"]
[Source "Mark Crowther"]
[SourceDate "2020.12.21"]
[SourceVersion "1"]
[SourceVersionDate "2020.12.21"]
[SourceQuality "2"]

1. e4 e5 2. Nf3 d5 3. exd5 e4 4. Qe2 Nf6 5. d3 Bb4+ 6. Nfd2 O-O 7. dxe4 Nxe4 8.
c3 Nf6 9. Nc4 Re8 10. Be3 Bc5 11. d6 b5 12. dxc7 Qxc7 13. Nca3 Ng4 14. Nc2 Nxe3
15. Nxe3 Ba6 16. Qf3 Bb7 17. Qg3 Qb6 18. Be2 Bxe3 19. fxe3 Rxe3 20. Qf2 Nd7 21.
Kf1 Rae8 22. Bd1 Re1+ 23. Qxe1 Rxe1+ 24. Kxe1 Bxg2 0-1

[Event "Titled Tuesday 15th Dec"]
[Site "chess.com INT"]
[Date "2020.12.15"]
[Round "2"]
[White "Manukyan, Artyom"]
[Black "Gadimbayli, Abdulla"]
[Result "0-1"]
[WhiteElo "2148"]
[BlackElo "2470"]
[PlyCount "82"]
[EventDate "2020.12.15"]
[SourceTitle "The Week in Chess 1363"]
[Source "Mark Crowther"]
[SourceDate "2020.12.21"]
[SourceVersion "1"]
[SourceVersionDate "2020.12.21"]
[SourceQuality "2"]

1. e4 e5 2. Nf3 d5 3. exd5 e4 4. Qe2 Nf6 5. d3 Bb4+ 6. c3 O-O 7. dxe4 Bd6 8.
Nbd2 Re8 9. g3 Bf5 10. Bg2 Nxe4 11. Nxe4 Bxe4 12. O-O Bxd5 13. Qd3 Be4 14. Qc4
Nc6 15. Ng5 Bg6 16. Rd1 Ne5 17. Qb5 h6 18. Ne4 Bh5 19. Bf4 Bxd1 20. Rxd1 Qe7
21. Qxb7 Rab8 22. Qxa7 Rxb2 23. Nxd6 cxd6 24. Qa3 Nc4 25. Qa4 Qe2 26. Rf1 Rxa2
27. Qb5 Rb2 28. Qa4 Nd2 29. Bxd2 Rxd2 30. c4 g6 31. Bf3 Qe5 32. Kg2 Re6 33. Bd5
Rf6 34. Qa8+ Kg7 35. Qa7 Qe2 36. Qb6 g5 37. h3 h5 38. Qa7 h4 39. gxh4 gxh4 40.
Qb6 Rg6+ 41. Kh1 Qxf1+ 0-1

[Event "Trophee Roza Lallemand"]
[Site "Tornelo INT"]
[Date "2020.12.13"]
[Round "7.18"]
[White "Diez, Agathe"]
[Black "Dubois, Mart"]
[Result "1-0"]
[WhiteElo "1665"]
[BlackElo "1780"]
[PlyCount "231"]
[EventDate "2020.12.13"]
[SourceTitle "The Week in Chess 1363"]
[Source "Mark Crowther"]
[SourceDate "2020.12.21"]
[SourceVersion "1"]
[SourceVersionDate "2020.12.21"]
[SourceQuality "2"]

1. e4 e5 2. Nf3 d5 3. exd5 e4 4. Qe2 Nf6 5. Nc3 Be7 6. Nxe4 O-O 7. Qc4 Nxe4 8.
Qxe4 Re8 9. Be2 Nd7 10. O-O Nf6 11. Qc4 Nxd5 12. d4 Bd6 13. Bd2 Bf5 14. Rfe1
Nb6 15. Qb3 Be6 16. Qd3 Bc4 17. Qf5 g6 18. Qh3 Rxe2 19. Rxe2 Bxe2 20. Re1 Bxf3
21. Qxf3 Nd5 22. c4 Ne7 23. Qxb7 Rb8 24. Qxa7 Rxb2 25. Bc3 Rb8 26. d5 c5 27.
Qa4 Nf5 28. Qc2 Nd4 29. Qd3 Qc7 30. g3 Qd7 31. Bxd4 cxd4 32. Qxd4 Rc8 33. Rc1
Bc5 34. Qe4 Re8 35. Qd3 Qd6 36. a4 Qb6 37. Qc2 Rc8 38. Qd2 Ba3 39. Ra1 Bb4 40.
Qc2 Qd4 41. Rd1 Qxc4 42. Qxc4 Rxc4 43. d6 Rc8 44. d7 Rd8 45. Rd4 Bc5 46. Rc4
Bb6 47. Rc8 Kf8 48. Rc6 Ba5 49. Ra6 Bb4 50. Rb6 Bc5 51. Rc6 Bd4 52. Rd6 Ba7 53.
Ra6 Rxd7 54. a5 Ke7 55. Rc6 Kd8 56. Kf1 Rc7 57. Rf6 Ke7 58. Ra6 f5 59. f4 Kd7
60. h3 Kc8 61. Rf6 Kb7 62. g4 fxg4 63. hxg4 Bc5 64. Kg2 Bb4 65. a6+ Ka7 66. Kh3
Rc3+ 67. Kg2 Rc7 68. f5 g5 69. Rh6 Bd2 70. Kf3 Rf7 71. Ke2 Ba5 72. Kd3 Bb6 73.
Ke4 Kxa6 74. Ke5 Kb7 75. Ke6 Rg7 76. f6 Rc7 77. f7 Rc6+ 78. Kf5 Rc5+ 79. Kf6
Bd8+ 80. Kg7 Be7 81. f8=Q Bxf8+ 82. Kxf8 Rc7 83. Rh5 Rc5 84. Rxh7+ Kc8 85. Rh5
Kd8 86. Kf7 Ra5 87. Kf6 Ke8 88. Rxg5 Ra6+ 89. Kf5 Kf8 90. Rg6 Ra5+ 91. Kf6 Ra6+
92. Kg5 Ra7 93. Kh6 Ra1 94. Rg5 Kf7 95. Rf5+ Kg8 96. g5 Rh1+ 97. Kg6 Rh2 98.
Ra5 Kf8 99. Ra8+ Ke7 100. Kg7 Rh1 101. g6 Rh2 102. Kg8 Rh1 103. g7 Rh2 104. Ra4
Rh1 105. Re4+ Kd8 106. Kf7 Rf1+ 107. Kg6 Rg1+ 108. Kf6 Rf1+ 109. Kg5 Rg1+ 110.
Rg4 Re1 111. g8=Q+ Re8 112. Qxe8+ Kc7 113. Rc4+ Kb6 114. Qc6+ Ka7 115. Qb5 Ka8
116. Ra4# 1-0

[Event "Trophee Roza Lallemand"]
[Site "Tornelo INT"]
[Date "2020.12.13"]
[Round "1.24"]
[White "Toulemont, Anouk"]
[Black "Dubois, Mart"]
[Result "1-0"]
[WhiteElo "1476"]
[BlackElo "1780"]
[PlyCount "131"]
[EventDate "2020.12.13"]
[SourceTitle "The Week in Chess 1363"]
[Source "Mark Crowther"]
[SourceDate "2020.12.21"]
[SourceVersion "1"]
[SourceVersionDate "2020.12.21"]
[SourceQuality "2"]

1. e4 e5 2. Nf3 d5 3. exd5 e4 4. Qe2 Nf6 5. d3 Qxd5 6. Nc3 Bb4 7. Bg5 O-O 8.
Bxf6 exf3 9. Qe5 Qxe5+ 10. Bxe5 Re8 11. d4 Bxc3+ 12. bxc3 fxg2 13. Bxg2 f6 14.
O-O-O fxe5 15. dxe5 Nc6 16. f4 Bg4 17. Rd3 Rad8 18. Rg3 Bf5 19. Rg1 Re7 20. Rg5
g6 21. Bxc6 bxc6 22. Rxf5 Kh8 23. Rf6 c5 24. Rc6 Rf8 25. Rf1 g5 26. Rf6 Rg8 27.
Re1 gxf4 28. Rxf4 Rge8 29. Rfe4 Re6 30. Kd2 Rd8+ 31. Ke3 Rb8 32. a4 Rb2 33. Kd3
a5 34. Rc1 Kg8 35. Kc4 Rbb6 36. Kxc5 Rec6+ 37. Kd4 Kf7 38. Rf1+ Ke7 39. Rh4 Rh6
40. Rxh6 Rxh6 41. Rf2 Rh4+ 42. Kc5 Rxa4 43. Kb5 Re4 44. Kxa5 Rxe5+ 45. Kb4 h5
46. Kc4 Kd6 47. Kd3 c5 48. Rf4 Rg5 49. Rh4 Kd5 50. c4+ Ke5 51. c3 Rg4 52. Rxh5+
Kf4 53. Rxc5 Rh4 54. Rd5 Rh3+ 55. Kd4 Rxh2 56. c5 Rd2+ 57. Kc4 Rh2 58. Rd4+ Ke5
59. c6 Rh8 60. Kc5 Rb8 61. c7 Rc8 62. Kb6 Re8 63. Kb7 Re7 64. Kb8 Re8+ 65. c8=Q
Rxc8+ 66. Kxc8 1-0

[Event "ch-ISL Blitz 2020"]
[Site "Tornelo INT"]
[Date "2020.12.12"]
[Round "14.3"]
[White "Ulfarsson, M."]
[Black "Gunnarsson, Arn"]
[Result "1-0"]
[WhiteElo "2357"]
[BlackElo "2420"]
[PlyCount "103"]
[EventDate "2020.12.12"]
[EventType "blitz"]
[SourceTitle "The Week in Chess 1362"]
[Source "Mark Crowther"]
[SourceDate "2020.12.14"]
[SourceVersion "1"]
[SourceVersionDate "2020.12.14"]
[SourceQuality "2"]

1. e4 e5 2. Nf3 d5 3. Nxe5 Bd6 4. d4 dxe4 5. Nc4 Be7 6. Nc3 Nf6 7. Be2 Nc6 8.
Be3 Nb4 9. Qd2 Nbd5 10. O-O O-O 11. h3 h6 12. Rad1 Bf5 13. Bf4 Nxf4 14. Qxf4
Bh7 15. Rfe1 a6 16. Bf1 b5 17. Ne5 Bd6 18. Qe3 Qe8 19. Ng4 Nd7 20. Ne5 Nxe5 21.
dxe5 Qxe5 22. g3 Rae8 23. Rd5 Qe6 24. Bg2 f5 25. a3 f4 26. gxf4 Bxf4 27. Qd4
Be5 28. Qc5 Bd6 29. Qd4 Rf4 30. Ne2 Rf5 31. Rxf5 Bxf5 32. Ng3 Bxg3 33. fxg3 Qe5
34. Qe3 Bg6 35. c3 Rd8 36. g4 Re8 37. Rd1 Kh8 38. Rd4 Re6 39. Rd8+ Kh7 40. Rd7
Rd6 41. Rxd6 cxd6 42. Kf2 Kg8 43. h4 Qf6+ 44. Kg3 Kf7 45. h5 Qe5+ 46. Qf4+
Qxf4+ 47. Kxf4 Bh7 48. Bxe4 Bxe4 49. Kxe4 Ke6 50. b3 a5 51. Kd4 Kd7 52. Kd5 1-0

[Event "ch-ISL Blitz 2020"]
[Site "Tornelo INT"]
[Date "2020.12.12"]
[Round "5.6"]
[White "Gretarsson, A."]
[Black "Gunnarsson, Arn"]
[Result "0-1"]
[WhiteElo "2268"]
[BlackElo "2420"]
[PlyCount "72"]
[EventDate "2020.12.12"]
[EventType "blitz"]
[SourceTitle "The Week in Chess 1362"]
[Source "Mark Crowther"]
[SourceDate "2020.12.14"]
[SourceVersion "1"]
[SourceVersionDate "2020.12.14"]
[SourceQuality "2"]

1. e4 e5 2. Nf3 d5 3. Nxe5 Bd6 4. d4 dxe4 5. Nc4 Be7 6. Be2 Nf6 7. Nc3 Nc6 8.
Be3 Nb4 9. Bg5 Bf5 10. Ne3 Bg6 11. d5 Nbxd5 12. Ncxd5 Nxd5 13. Qxd5 Bxg5 14.
Qxb7 O-O 15. Rd1 Qb8 16. Qxb8 Raxb8 17. b3 Rfd8 18. O-O c6 19. Nc4 Rd5 20. g3
f5 21. h4 Bh6 22. h5 Bf7 23. Nd6 Re5 24. Nxf7 Kxf7 25. Bc4+ Kf6 26. Rd7 a5 27.
Kg2 Kg5 28. Bf7 Rf8 29. Kh3 f4 30. gxf4+ Kxf4 31. Bg6 hxg6 32. hxg6 Kg5 33.
Rg1+ Kh5 34. Rg4 Rf3+ 35. Rg3 Rxg3+ 36. fxg3 e3 0-1

[Event "ch-ISL Blitz 2020"]
[Site "Tornelo INT"]
[Date "2020.12.12"]
[Round "3.5"]
[White "Stefansson, H."]
[Black "Gunnarsson, Arn"]
[Result "1-0"]
[WhiteElo "2536"]
[BlackElo "2420"]
[PlyCount "73"]
[EventDate "2020.12.12"]
[EventType "blitz"]
[SourceTitle "The Week in Chess 1362"]
[Source "Mark Crowther"]
[SourceDate "2020.12.14"]
[SourceVersion "1"]
[SourceVersionDate "2020.12.14"]
[SourceQuality "2"]

1. e4 e5 2. Nf3 d5 3. exd5 Bd6 4. Bb5+ Bd7 5. Be2 Bf5 6. d4 e4 7. Ne5 Nd7 8.
Nc4 Be7 9. Nc3 Ngf6 10. Bf4 O-O 11. Ne3 Bg6 12. h4 h6 13. Bc4 a6 14. a3 Nh5 15.
Bh2 Bxh4 16. g4 Nhf6 17. d6 c6 18. Bf4 Nh7 19. Qe2 Qf6 20. Ng2 Bg5 21. Qe3 b5
22. Bb3 a5 23. O-O-O b4 24. axb4 axb4 25. Na4 Rfe8 26. Kb1 Ra5 27. Bxg5 Nxg5
28. f4 Nf3 29. f5 Bh7 30. Rh3 Kf8 31. Rxf3 exf3 32. Qxf3 Qxd6 33. Ne3 Ra7 34.
g5 hxg5 35. Rh1 Nf6 36. Ng4 Bg8 37. Ne5 1-0

[Event "C'Chartres Blitz Open"]
[Site "Europe-Echecs INT"]
[Date "2020.11.28"]
[Round "8"]
[White "Durand, V."]
[Black "Dubois, Mart"]
[Result "1-0"]
[WhiteElo "2004"]
[BlackElo "1780"]
[PlyCount "59"]
[EventDate "2020.11.28"]
[EventType "blitz"]
[SourceTitle "The Week in Chess 1360"]
[Source "Mark Crowther"]
[SourceDate "2020.11.30"]
[SourceVersion "1"]
[SourceVersionDate "2020.11.30"]
[SourceQuality "2"]

1. e4 e5 2. Nf3 d5 3. Nxe5 Bd6 4. d4 dxe4 5. Nc4 Nf6 6. Nxd6+ Qxd6 7. c3 O-O 8.
Nd2 Bg4 9. Be2 Bxe2 10. Qxe2 Re8 11. Nc4 Qa6 12. Be3 Nbd7 13. Nd2 Qxe2+ 14.
Kxe2 Nd5 15. c4 Nb4 16. a3 Nc6 17. Rhd1 f5 18. b4 Nf6 19. Rac1 Rad8 20. d5 Ne5
21. Nb3 Nd3 22. Rc3 f4 23. Bd4 Ng4 24. h3 Nge5 25. Bxe5 Rxe5 26. Nd4 a5 27. Ne6
Rd7 28. bxa5 c6 29. Rb1 cxd5 30. cxd5 1-0

[Event "Online Disabilities Olym"]
[Site "Tornelo INT"]
[Date "2020.11.25"]
[Round "5.17"]
[White "Centenaro Erazo, Nicole Daniela"]
[Black "Angot, Cheryl A."]
[Result "0-1"]
[WhiteElo "1304"]
[BlackElo "1315"]
[PlyCount "56"]
[EventDate "2020.11.21"]
[SourceTitle "The Week in Chess 1360"]
[Source "Mark Crowther"]
[SourceDate "2020.11.30"]
[SourceVersion "1"]
[SourceVersionDate "2020.11.30"]
[SourceQuality "2"]
[WhiteTeam "Colombia 2"]
[BlackTeam "Philippines 2"]

1. e4 e5 2. Nf3 d5 3. Nxe5 dxe4 4. Nc4 Bc5 5. Be2 Nf6 6. O-O O-O 7. d3 h6 8.
Nc3 Bf5 9. Re1 Nc6 10. Bf1 Ng4 11. Ne3 Qh4 12. Nxg4 Bxg4 13. Qd2 f5 14. g3 Qh5
15. Ne2 Bxf2+ 16. Kxf2 Qxh2+ 17. Bg2 Bf3 18. Nf4 Bxg2 19. Nxg2 Ne5 20. Rg1 f4
21. gxf4 e3+ 22. Kxe3 Qxg1+ 23. Ke4 Ng4 24. Kf3 Nh2+ 25. Ke4 Rfe8+ 26. Kd5 Nf3
27. Qb4 Qxg2 28. Kc4 Qxc2+ 0-1